أسرار الحياة الزوجية : (رقم التسجيلة. 5980)

تفاصيل مارك
000 -LEADER
fixed length control field 00639nam a22001817a 4500
005 - DATE AND TIME OF LATEST TRANSACTION
control field 20251108164206.0
008 - FIXED-LENGTH DATA ELEMENTS--GENERAL INFORMATION
fixed length control field 250721s1981 xx 000 0 ara d
082 14 - DEWEY DECIMAL CLASSIFICATION NUMBER
Classification number 301,42/ستو
100 1# - MAIN ENTRY--PERSONAL NAME
Personal name ستوب، ماري
245 10 - TITLE STATEMENT
Title أسرار الحياة الزوجية :
Remainder of title رشد المتزوجين و من هم على أهية الزواج إلى تدارك العائلي /
250 ## - EDITION STATEMENT
Edition statement ط11.
264 1# - PRODUCTION, PUBLICATION, DISTRIBUTION, MANUFACTURE, AND COPYRIGHT NOTICE
Place of production, publication, distribution, manufacture بيروت :
Name of producer, publisher, distributor, manufacturer دار الأندلس للطباعة والنشر والتوزيع،
Date of production, publication, distribution, manufacture, or copyright notice 1981.
300 ## - PHYSICAL DESCRIPTION
Extent 332ص
650 17 - SUBJECT ADDED ENTRY--TOPICAL TERM
Topical term or geographic name as entry element الزواج
700 1# - ADDED ENTRY--PERSONAL NAME
Personal name حداد، نقولا
Relator term ترجمة
942 ## - ADDED ENTRY ELEMENTS (KOHA)
Source of classification or shelving scheme Dewey Decimal Classification
Koha item type كتب
المقتنيات
حالة السحب حالة الفقدان مصدر التصنيف حالة التلف غير قابل للإعارة المكتبة الرئيسية المكتبة الحالية موقع الرف تاريخ التزويد الرقم المتسلسل Total Checkouts رقم الإستدعاء تاريخ آخر ظهور تاريخ الفاتورة نوع المادة (كوها) الباركود
    Dewey Decimal Classification     المكتبة المركزية المكتبة المركزية الأطفال 28/04/2010 1377253   301,42/ستو 28/07/2025 28/04/2010 كتب PLD00146116
    Dewey Decimal Classification Unchecked   مكتبة صويلح العامة مكتبة صويلح العامة الإعارة 06/07/2004 4083   301,42/ستو 28/07/2025 06/07/2004 كتب  
Implemented & Customized by: BBB with SCIT (Smart Chains for Information Technology)

Powered by Koha